000 00383nam a22001577a 4500
999 _c105
_d105
005 20210906113104.0
008 160427b xxu||||| |||| 00| 0 eng d
020 _a978-0-07-059374-9
041 _aeng
082 _b00311
_a004
100 _aNorton, Peter
_9123
245 _aIntroduction to Computers
260 _aNew Delhi
_bTata MC Graw Hill,
_c2009
300 _a609
942 _cBK